[Event "2023 US National Elementary K-6 Championship"]
[Site "Baltimore, Maryland, United States"]
[Date "2023.05.12"]
[Round "1.17"]
[White "Yang, Aimee"]
[Black "Mak, Owen"]
[Result "1-0"]
[TimeControl "G/90; d10"]
[WhiteElo "1917"]
[BlackElo "1085"]

1. d4 {[%clk 01:30:00]} {[%emt 00:00:35]} d5 {[%clk 01:30:00]} 2. Nf3 {[%clk
01:30:00]} {[%emt 00:00:06]} Bf5 {[%clk 01:29:50]} {[%emt 00:00:04]} 3. g3
{[%clk 01:30:00]} {[%emt 00:00:03]} c5 {[%clk 01:29:32]} {[%emt 00:00:23]} 4.
Bg2 {[%clk 01:29:42]} {[%emt 00:00:31]} Nc6 {[%clk 01:29:19]} {[%emt 00:00:22]}
5. e3 {[%clk 01:28:39]} {[%emt 00:01:15]} Nf6 {[%clk 01:28:44]} {[%emt
00:00:42]} 6. O-O {[%clk 01:27:54]} {[%emt 00:01:04]} e6 {[%clk 01:28:05]}
{[%emt 00:00:46]} 7. a3 {[%clk 01:25:31]} {[%emt 00:02:50]} Be7 {[%clk
01:27:30]} {[%emt 00:00:24]} 8. Nbd2 {[%clk 01:24:30]} {[%emt 00:01:12]} O-O
{[%clk 01:27:10]} {[%emt 00:00:27]} 9. dxc5 {[%clk 01:22:24]} {[%emt 00:02:16]}
Bxc5 {[%clk 01:27:09]} {[%emt 00:00:34]} 10. b4 {[%clk 01:22:24]} Bb6 {[%clk
01:27:01]} {[%emt 00:00:04]} 11. Bb2 {[%clk 01:21:42]} {[%emt 00:00:47]} Re8
{[%clk 01:26:36]} {[%emt 00:00:37]} 12. Qc1 {[%clk 01:16:25]} {[%emt 00:05:22]}
e5 {[%clk 01:25:22]} {[%emt 00:01:28]} 13. b5 {[%clk 01:14:05]} {[%emt
00:02:36]} e4 {[%clk 01:23:52]} {[%emt 00:02:06]} 14. bxc6 {[%clk 01:12:46]}
{[%emt 00:00:57]} exf3 {[%clk 01:23:52]} {[%emt 00:00:25]} 15. Nxf3 {[%clk
01:11:58]} {[%emt 00:00:52]} bxc6 {[%clk 01:23:43]} {[%emt 00:00:15]} 16. Rd1
{[%clk 01:07:22]} {[%emt 00:04:43]} Ng4 {[%clk 01:22:49]} {[%emt 00:01:11]} 17.
Nd4 {[%clk 01:06:13]} {[%emt 00:01:10]} Bxd4 {[%clk 01:22:01]} {[%emt
00:01:01]} 18. Bxd4 {[%clk 01:06:04]} {[%emt 00:00:15]} Qe7 {[%clk 01:20:44]}
{[%emt 00:01:26]} 19. c4 {[%clk 01:02:17]} {[%emt 00:03:58]} Rad8 {[%clk
01:18:06]} {[%emt 00:02:48]} 20. Qc3 {[%clk 00:59:26]} {[%emt 00:03:10]} f6
{[%clk 01:15:04]} {[%emt 00:03:02]} 21. Rac1 {[%clk 00:57:15]} {[%emt
00:02:26]} c5 {[%clk 01:13:16]} {[%emt 00:02:09]} 22. Bxd5+ {[%clk 00:55:44]}
{[%emt 00:02:05]} Kh8 {[%clk 01:13:14]} 23. Re1 {[%clk 00:47:21]} {[%emt
00:08:00]} cxd4 {[%clk 01:12:45]} {[%emt 00:00:47]} 24. exd4 {[%clk 00:47:21]}
{[%emt 00:00:03]} Qc7 {[%clk 01:12:06]} {[%emt 00:01:00]} 25. Qf3 {[%clk
00:46:17]} {[%emt 00:00:58]} Nh6 {[%clk 01:11:19]} {[%emt 00:00:58]} 26. Bc6
{[%clk 00:44:05]} {[%emt 00:02:22]} Bg4 {[%clk 01:09:03]} {[%emt 00:01:38]} 27.
Qg2 {[%clk 00:43:36]} {[%emt 00:01:26]} Rxe1+ {[%emt 00:00:23]} 28. Rxe1 Rxd4
{[%clk 01:08:35]} {[%emt 00:00:38]} 29. Bd5 {[%clk 00:33:09]} {[%emt 00:10:15]}
Rd1 {[%clk 01:07:37]} {[%emt 00:01:08]} 30. Rxd1 {[%clk 00:32:59]} {[%emt
00:00:20]} Bxd1 {[%clk 01:07:37]} {[%emt 00:00:22]} 31. Qe4 {[%clk 00:32:53]}
{[%emt 00:00:07]} Bh5 {[%clk 01:07:22]} {[%emt 00:00:18]} 32. Be6 {[%clk
00:31:59]} {[%emt 00:01:01]} Qb8 {[%clk 01:06:36]} {[%emt 00:01:02]} 33. c5
{[%clk 00:31:33]} {[%emt 00:00:34]} Bg6 {[%clk 01:06:30]} {[%emt 00:00:29]} 34.
Qb4 {[%clk 00:25:33]} {[%emt 00:05:57]} Qe5 {[%clk 01:05:57]} {[%emt 00:00:44]}
35. Bc4 {[%clk 00:24:15]} {[%emt 00:01:27]} Qa1+ {[%clk 01:05:39]} {[%emt
00:00:35]} 36. Kg2 {[%clk 00:24:15]} Qe5 {[%clk 01:04:46]} {[%emt 00:01:01]} 37.
c6 {[%clk 00:22:35]} {[%emt 00:02:02]} Qe4+ {[%clk 01:04:04]} {[%emt 00:00:47]}
38. Kg1 {[%clk 00:20:43]} {[%emt 00:01:58]} Qb1+ {[%clk 01:03:48]} {[%emt
00:00:23]} 39. Qxb1 {[%clk 00:20:43]} {[%emt 00:00:33]} Bxb1 {[%clk 01:03:45]}
{[%emt 00:00:05]} 40. c7 {[%clk 00:20:43]} Bf5 {[%clk 01:03:42]} 41. Ba6 {[%clk
00:20:43]} {[%emt 00:00:04]} Nf7 {[%clk 01:02:47]} {[%emt 00:00:46]} 42. c8=Q+
{[%clk 00:20:43]} {[%emt 00:00:29]} Bxc8 {[%clk 01:02:47]} 43. Bxc8 {[%emt
00:00:30]} Nd6 {[%clk 01:02:37]} {[%emt 00:00:11]} 44. Ba6 {[%clk 00:19:29]}
{[%emt 00:01:14]} Kg8 {[%clk 01:02:32]} {[%emt 00:00:15]} 45. Kf1 {[%clk
00:18:16]} {[%emt 00:01:20]} Kf8 {[%clk 01:02:26]} {[%emt 00:00:20]} 46. Ke2
{[%clk 00:18:15]} {[%emt 00:00:11]} Ke7 {[%clk 01:02:26]} {[%emt 00:00:08]} 47.
Kd3 {[%clk 00:18:10]} {[%emt 00:00:10]} Ke6 {[%clk 01:02:18]} {[%emt 00:00:18]}
48. Kd4 {[%clk 00:17:00]} {[%emt 00:01:33]} Kf5 {[%clk 01:01:56]} {[%emt
00:00:18]} 49. Be2 {[%clk 00:15:55]} {[%emt 00:01:13]} Ke6 {[%clk 01:00:36]}
{[%emt 00:01:33]} 50. f4 {[%clk 00:15:40]} {[%emt 00:00:25]} Nf5+ {[%clk
01:00:26]} {[%emt 00:00:22]} 51. Kc5 {[%clk 00:14:54]} {[%emt 00:01:34]} Ne3
{[%clk 01:00:10]} {[%emt 00:00:03]} 52. Kc6 {[%clk 00:13:25]} {[%emt 00:01:30]}
Nc2 {[%clk 00:59:32]} {[%emt 00:00:41]} 53. Bc4 {[%clk 00:13:01]} {[%emt
00:00:33]} Kf5 {[%clk 00:59:27]} {[%emt 00:00:28]} 54. Bd3+ {[%clk 00:12:55]}
{[%emt 00:00:09]} Kg4 {[%clk 00:59:22]} {[%emt 00:00:09]} 55. Bxc2 {[%clk
00:12:46]} {[%emt 00:00:34]} h5 {[%clk 00:59:16]} {[%emt 00:00:07]} 56. Bg6
{[%clk 00:12:29]} {[%emt 00:00:20]} Kh3 {[%clk 00:59:06]} {[%emt 00:00:26]} 57.
Bxh5 {[%clk 00:11:37]} {[%emt 00:01:04]} Kxh2 {[%clk 00:59:06]} {[%emt
00:00:03]} 58. Kb7 {[%clk 00:10:15]} {[%emt 00:01:29]} Kxg3 {[%clk 00:58:32]}
{[%emt 00:00:44]} 59. f5 {[%clk 00:10:15]} {[%emt 00:00:18]} Kf4 {[%clk
00:58:22]} {[%emt 00:00:08]} 60. Bg6 {[%clk 00:10:15]} {[%emt 00:00:16]} Ke4
{[%clk 00:58:21]} {[%emt 00:00:08]} 61. Kxa7 {[%clk 00:09:56]} {[%emt
00:00:23]} Kd4 {[%clk 00:58:15]} {[%emt 00:00:34]} 62. Kb6 {[%clk 00:09:56]}
Kc4 {[%clk 00:58:09]} {[%emt 00:00:09]} 63. a4 {[%clk 00:09:56]} {[%emt
00:00:09]} Kd5 {[%clk 00:57:59]} {[%emt 00:00:14]} 64. a5 {[%clk 00:09:56]}
{[%emt 00:00:13]} Ke5 {[%clk 00:57:58]} {[%emt 00:00:09]} 65. a6 {[%clk
00:09:56]} {[%emt 00:00:04]} Kf4 {[%clk 00:57:53]} {[%emt 00:00:12]} 66. a7
{[%clk 00:09:56]} {[%emt 00:00:09]} Kg5 {[%clk 00:57:52]} {[%emt 00:00:04]} 67.
a8=Q {[%clk 00:09:56]} {[%emt 00:00:29]} Kh6 {[%clk 00:57:52]} {[%emt
00:00:06]} 68. Kc5 {[%clk 00:09:41]} {[%emt 00:00:07]} Kg5 {[%clk 00:57:49]}
{[%emt 00:00:13]} 69. Qe4 {[%clk 00:09:25]} {[%emt 00:00:22]} Kh6 {[%clk
00:57:46]} {[%emt 00:00:26]} 70. Qh4+ {[%clk 00:09:25]} 1-0

[Event "2023 US National Elementary K-6 Championship"]
[Site "Baltimore, Maryland, United States"]
[Date "2023.05.12"]
[Round "1.4"]
[White "Bolkhovitinov, Nathan"]
[Black "Luo, Wesley"]
[Result "0-1"]
[TimeControl "G/90; d10"]
[WhiteElo "1442"]
[BlackElo "2081"]

1. d4 {[%clk 01:30:00]} Nf6 {[%clk 01:28:45]} {[%emt 00:01:53]} 2. Nf3 {[%clk
01:29:42]} {[%emt 00:00:24]} g6 {[%clk 01:28:32]} 3. c4 {[%clk 01:29:42]}
{[%emt 00:00:24]} Bg7 {[%clk 01:28:26]} {[%emt 00:00:04]} 4. Nc3 {[%clk
01:29:41]} {[%emt 00:00:05]} O-O {[%clk 01:28:26]} {[%emt 00:00:31]} 5. e4
{[%clk 01:29:41]} {[%emt 00:00:04]} d6 {[%clk 01:28:26]} 6. Be2 {[%clk
01:29:24]} {[%emt 00:00:04]} e5 {[%clk 01:28:26]} {[%emt 00:00:15]} 7. O-O
{[%clk 01:28:38]} {[%emt 00:00:47]} Nc6 {[%clk 01:26:50]} {[%emt 00:01:48]} 8.
d5 {[%clk 01:28:21]} {[%emt 00:00:27]} Ne7 {[%clk 01:26:50]} {[%emt 00:00:09]}
9. Be3 {[%clk 01:26:56]} {[%emt 00:01:30]} Ne8 {[%clk 01:25:40]} {[%emt
00:01:58]} 10. Nd2 {[%clk 01:26:34]} {[%emt 00:00:12]} f5 {[%clk 01:25:22]}
{[%emt 00:00:24]} 11. f3 {[%clk 01:26:22]} {[%emt 00:00:08]} f4 {[%clk
01:25:00]} {[%emt 00:00:32]} 12. Bf2 {[%clk 01:25:58]} {[%emt 00:00:34]} Nf6
{[%clk 01:23:26]} {[%emt 00:01:43]} 13. b4 {[%clk 01:25:11]} {[%emt 00:01:28]}
g5 {[%clk 01:22:36]} {[%emt 00:00:30]} 14. c5 {[%clk 01:22:49]} {[%emt
00:02:31]} h5 {[%clk 01:22:04]} {[%emt 00:01:08]} 15. Nb3 {[%clk 01:21:14]}
{[%emt 00:01:59]} Rf7 {[%clk 01:19:55]} {[%emt 00:01:40]} 16. Rc1 {[%clk
01:18:28]} {[%emt 00:03:19]} Bd7 {[%clk 01:12:22]} {[%emt 00:07:19]} 17. Nb5
{[%clk 00:56:07]} {[%emt 00:22:46]} Bxb5 {[%clk 01:11:34]} {[%emt 00:00:48]} 18.
Bxb5 {[%clk 00:56:05]} {[%emt 00:00:07]} b6 {[%clk 01:11:04]} {[%emt 00:00:40]}
19. a4 {[%clk 00:53:14]} {[%emt 00:03:13]} Bf8 {[%clk 01:08:39]} {[%emt
00:02:39]} 20. Be2 {[%clk 00:51:40]} {[%emt 00:01:27]} Rg7 {[%clk 01:07:37]}
{[%emt 00:01:21]} 21. Kh1 {[%clk 00:50:58]} {[%emt 00:00:58]} Qe8 {[%clk
01:04:32]} {[%emt 00:02:59]} 22. Rg1 {[%clk 00:49:03]} {[%emt 00:02:06]} Qg6
{[%clk 01:01:43]} {[%emt 00:03:03]} 23. g3 {[%clk 00:41:46]} {[%emt 00:07:22]}
fxg3 {[%clk 01:01:34]} {[%emt 00:00:55]} 24. Bxg3 {[%clk 00:39:59]} {[%emt
00:01:24]} Qh6 {[%clk 01:00:50]} {[%emt 00:00:50]} 25. cxd6 {[%clk 00:38:26]}
{[%emt 00:01:46]} cxd6 {[%clk 01:00:50]} {[%emt 00:00:31]} 26. Nd2 {[%clk
00:33:50]} {[%emt 00:04:58]} Ng6 {[%clk 00:58:56]} {[%emt 00:01:26]} 27. Nc4
{[%clk 00:31:27]} {[%emt 00:02:33]} h4 {[%clk 00:56:20]} {[%emt 00:02:50]} 28.
Bf2 {[%clk 00:30:42]} {[%emt 00:00:52]} Nh5 {[%clk 00:47:42]} {[%emt 00:08:54]}
29. Ne3 {[%clk 00:28:35]} {[%emt 00:02:11]} Ne7 {[%clk 00:42:22]} {[%emt
00:05:30]} 30. Rc7 {[%clk 00:25:16]} {[%emt 00:03:28]} Kh8 {[%clk 00:34:11]}
{[%emt 00:08:53]} 31. Ng4 {[%emt 00:09:11]} Qh7 {[%clk 00:32:51]} {[%emt
00:01:32]} 32. Be3 {[%clk 00:14:52]} {[%emt 00:01:02]} Ng8 {[%clk 00:26:55]}
{[%emt 00:06:05]} 33. Rxg7 {[%clk 00:14:14]} {[%emt 00:00:47]} Qxg7 {[%clk
00:26:55]} {[%emt 00:00:08]} 34. Qd2 {[%clk 00:13:32]} {[%emt 00:00:49]} Be7
{[%clk 00:26:40]} {[%emt 00:00:25]} 35. Nf2 {[%clk 00:12:52]} {[%emt 00:00:50]}
Nf4 {[%clk 00:24:52]} {[%emt 00:02:10]} 36. Bxf4 {[%emt 00:01:18]} exf4 {[%clk
00:24:52]} 37. Nh3 {[%emt 00:01:44]} Qe5 {[%clk 00:23:45]} {[%emt 00:01:06]} 38.
Rc1 {[%clk 00:07:36]} {[%emt 00:02:52]} Bf6 {[%clk 00:20:59]} {[%emt 00:02:53]}
39. Nf2 {[%clk 00:06:49]} {[%emt 00:01:05]} Nh6 {[%clk 00:20:59]} {[%emt
00:00:03]} 40. Bf1 {[%clk 00:06:20]} {[%emt 00:00:42]} a5 {[%clk 00:15:25]}
{[%emt 00:05:35]} 41. b5 {[%clk 00:06:13]} {[%emt 00:00:17]} Ra7 {[%clk
00:15:00]} {[%emt 00:00:38]} 42. Bh3 {[%clk 00:05:45]} {[%emt 00:00:37]} Kg7
{[%clk 00:14:03]} {[%emt 00:01:16]} 43. Ng4 {[%clk 00:05:28]} {[%emt 00:00:18]}
Nxg4 {[%clk 00:13:53]} {[%emt 00:00:20]} 44. Bxg4 {[%clk 00:05:28]} {[%emt
00:00:13]} Kf7 {[%clk 00:13:24]} {[%emt 00:00:48]} 45. Kg2 {[%clk 00:05:13]}
{[%emt 00:00:14]} Qe7 {[%clk 00:11:01]} {[%emt 00:02:38]} 46. Qc2 {[%clk
00:04:01]} {[%emt 00:01:25]} Qd8 {[%clk 00:08:33]} {[%emt 00:02:31]} 47. Qc8
{[%clk 00:03:39]} {[%emt 00:00:29]} Qxc8 {[%clk 00:08:27]} {[%emt 00:00:18]} 48.
Rc3 {[%emt 00:00:14]} Qc7 49. Rxc7+ {[%clk 00:03:35]} Bd4 {[%clk 00:08:06]}
{[%emt 00:00:32]} 50. Rc4 {[%clk 00:03:23]} {[%emt 00:00:21]} Bc5 {[%clk
00:07:58]} {[%emt 00:00:16]} 51. Kf1 {[%clk 00:03:12]} {[%emt 00:00:21]} Kf6
{[%clk 00:07:42]} {[%emt 00:00:28]} 52. Ke2 {[%clk 00:03:12]} {[%emt 00:00:11]}
h3 {[%clk 00:07:21]} {[%emt 00:00:20]} 53. Kd3 {[%clk 00:02:33]} {[%emt
00:00:48]} Rh7 {[%clk 00:07:08]} {[%emt 00:00:22]} 54. Ke2 {[%clk 00:02:22]}
{[%emt 00:00:25]} Ke5 {[%clk 00:07:08]} {[%emt 00:00:07]} 55. Bf5 {[%clk
00:02:16]} {[%emt 00:00:33]} Rh8 {[%clk 00:06:32]} {[%emt 00:00:28]} 56. Bg4
{[%clk 00:02:16]} {[%emt 00:00:34]} Bg1 {[%emt 00:01:30]} 57. Rc1 {[%clk
00:01:20]} Bxh2 {[%clk 00:05:39]} {[%emt 00:00:21]} 58. Rh1 {[%clk 00:01:20]}
{[%emt 00:00:22]} Bg3 {[%clk 00:05:26]} {[%emt 00:00:08]} 59. Rxh3 {[%emt
00:01:20]} Rxh3 60. Bxh3 {[%clk 00:00:08]} Kd4 {[%clk 00:05:10]} {[%emt
00:00:32]} 61. Kd2 {[%clk 00:00:08]} {[%emt 00:00:04]} Bf2 {[%clk 00:03:52]}
{[%emt 00:01:25]} 62. Bf1 {[%clk 00:00:08]} g4 {[%clk 00:03:32]} {[%emt
00:00:30]} 63. fxg4 {[%clk 00:00:08]} {[%emt 00:00:31]} Kxe4 {[%clk 00:03:32]}
64. Bg2+ {[%clk 00:00:05]} {[%emt 00:00:04]} f3 {[%clk 00:03:21]} {[%emt
00:00:08]} 65. Bh1 {[%clk 00:00:05]} Bh4 {[%clk 00:02:37]} {[%emt 00:00:48]} 66.
Kc3 {[%clk 00:00:05]} {[%emt 00:00:20]} Ke3 {[%clk 00:02:37]} 67. Kc2 {[%clk
00:00:01]} {[%emt 00:00:10]} Ke2 {[%clk 00:02:32]} {[%emt 00:00:12]} 68. Kc3
{[%clk 00:00:01]} {[%emt 00:00:06]} f2 {[%clk 00:02:32]} 69. Bg2 {[%clk
00:00:01]} f1=Q 70. Bxf1+ {[%clk 00:00:01]} Kxf1 {[%clk 00:02:32]} {[%emt
00:00:27]} 71. Kd4 {[%clk 00:00:01]} Ke2 {[%clk 00:02:13]} {[%emt 00:00:09]} 72.
Ke4 {[%clk 00:00:01]} {[%emt 00:00:03]} Bg3 {[%clk 00:02:07]} {[%emt 00:00:10]}
73. Kf5 {[%clk 00:00:01]} {[%emt 00:00:10]} Kd3 {[%clk 00:01:41]} {[%emt
00:00:27]} 74. g5 {[%clk 00:00:01]} Kd4 {[%clk 00:01:39]} {[%emt 00:00:22]} 75.
Ke6 {[%clk 00:00:01]} Be5 {[%clk 00:01:39]} {[%emt 00:00:03]} 76. g6 {[%clk
00:00:01]} Kc5 {[%clk 00:01:39]} 77. g7 {[%clk 00:00:01]} {[%emt 00:00:07]}
Bxg7 {[%clk 00:01:39]} 78. Kd7 {[%clk 00:00:01]} Kxd5 {[%clk 00:01:39]} {[%emt
00:00:04]} 79. Kc7 {[%clk 00:00:01]} Bd4 {[%clk 00:01:39]} {[%emt 00:00:04]} 80.
Kb7 {[%clk 00:00:01]} Bc5 {[%clk 00:01:39]} 81. Ka6 {[%clk 00:00:01]} {[%emt
00:00:07]} Kc4 {[%clk 00:01:39]} 82. Kb7 {[%clk 00:00:01]} d5 {[%clk 00:01:39]}
{[%emt 00:00:04]} 83. Kc6 {[%clk 00:00:01]} d4 {[%clk 00:01:39]} 84. Kb7 {[%clk
00:00:01]} d3 {[%clk 00:01:39]} {[%emt 00:00:03]} 85. Ka6 {[%clk 00:00:01]} d2
{[%clk 00:01:39]} 86. Kb7 {[%clk 00:00:01]} d1=Q {[%emt 00:00:19]} 87. Ka6
{[%clk 00:00:01]} Qxa4 {[%clk 00:01:32]} 88. Ka7 {[%clk 00:00:01]} Qxb5 {[%clk
00:01:32]} {[%emt 00:00:35]} 89. Kb7 {[%clk 00:00:01]} Qd7+ {[%clk 00:01:07]}
{[%emt 00:00:06]} 90. Ka6 {[%clk 00:00:01]} {[%emt 00:00:07]} Qc8+ {[%clk
00:01:07]} 91. Ka7 {[%clk 00:00:01]} b5# {[%clk 00:01:07]} {[%emt 00:00:32]}
0-1

[Event "2023 US National Elementary K-6 Championship"]
[Site "Baltimore, Maryland, United States"]
[Date "2023.05.12"]
[Round "1.12"]
[White "Radhakrishnan, Sharath"]
[Black "Pathange, Cian"]
[Result "1-0"]
[TimeControl "G/90; d10"]
[WhiteElo "2081"]
[BlackElo "1392"]

1. e4 {[%clk 01:30:00]} {[%emt 00:00:08]} c5 {[%clk 01:29:56]} {[%emt
00:00:15]} 2. Nf3 {[%clk 01:30:00]} {[%emt 00:00:06]} Nc6 {[%clk 01:29:52]}
{[%emt 00:00:14]} 3. c3 {[%clk 01:29:52]} {[%emt 00:00:17]} Nf6 {[%clk
01:27:15]} {[%emt 00:02:49]} 4. e5 {[%clk 01:29:44]} {[%emt 00:00:17]} Nd5
{[%clk 01:26:15]} {[%emt 00:01:12]} 5. Bc4 {[%clk 01:28:02]} {[%emt 00:01:51]}
e6 {[%clk 01:23:09]} {[%emt 00:03:16]} 6. O-O {[%clk 01:27:06]} {[%emt
00:01:05]} Be7 {[%clk 01:20:44]} {[%emt 00:02:36]} 7. d4 {[%clk 01:25:52]}
{[%emt 00:01:24]} cxd4 {[%clk 01:18:36]} {[%emt 00:02:18]} 8. cxd4 {[%clk
01:25:50]} {[%emt 00:00:12]} O-O {[%clk 01:17:13]} {[%emt 00:01:32]} 9. Nc3
{[%clk 01:21:08]} {[%emt 00:04:48]} Nxc3 {[%clk 01:14:40]} {[%emt 00:02:49]} 10.
bxc3 {[%clk 01:21:08]} {[%emt 00:00:03]} d6 {[%clk 01:12:29]} {[%emt 00:02:20]}
11. exd6 {[%clk 01:19:38]} {[%emt 00:01:41]} Bxd6 {[%clk 01:11:54]} {[%emt
00:00:45]} 12. Re1 {[%clk 01:18:41]} {[%emt 00:01:06]} Qa5 {[%clk 01:07:02]}
{[%emt 00:04:58]} 13. Bd2 {[%clk 01:16:12]} {[%emt 00:02:42]} Qh5 {[%clk
01:04:44]} {[%emt 00:02:26]} 14. h3 {[%clk 01:12:39]} {[%emt 00:03:44]} b6
{[%clk 01:00:44]} {[%emt 00:04:06]} 15. Bd3 {[%clk 01:11:08]} {[%emt 00:01:41]}
f5 {[%clk 00:55:05]} {[%emt 00:05:55]} 16. Bc4 {[%clk 00:59:21]} {[%emt
00:11:57]} Rf6 {[%clk 00:52:47]} {[%emt 00:02:26]} 17. d5 {[%clk 00:57:04]}
{[%emt 00:02:29]} Na5 {[%clk 00:46:50]} {[%emt 00:06:06]} 18. Be2 {[%clk
00:54:14]} {[%emt 00:02:56]} exd5 {[%clk 00:41:22]} {[%emt 00:05:41]} 19. Bg5
{[%clk 00:53:51]} {[%emt 00:00:34]} Rf8 {[%clk 00:39:57]} {[%emt 00:01:34]} 20.
Qxd5+ {[%clk 00:53:43]} {[%emt 00:00:19]} Kh8 {[%clk 00:37:54]} {[%emt
00:02:12]} 21. Qxd6 {[%clk 00:53:21]} {[%emt 00:00:34]} Bb7 {[%clk 00:36:19]}
{[%emt 00:01:43]} 22. Be7 {[%clk 00:53:01]} {[%emt 00:00:24]} Rfc8 {[%clk
00:34:22]} {[%emt 00:02:09]} 23. Ne5 {[%clk 00:52:15]} {[%emt 00:00:58]} Qe8
{[%clk 00:33:45]} {[%emt 00:00:45]} 24. Qe6 {[%clk 00:51:06]} {[%emt 00:01:21]}
Bd5 {[%clk 00:32:23]} {[%emt 00:01:34]} 25. Qxd5 {[%clk 00:51:06]} {[%emt
00:00:11]} Qxe7 {[%clk 00:32:02]} {[%emt 00:00:31]} 26. Nf7+ {[%clk 00:50:36]}
{[%emt 00:00:40]} Kg8 {[%clk 00:31:46]} {[%emt 00:00:26]} 27. Nd6+ {[%clk
00:50:17]} {[%emt 00:00:29]} Kh8 {[%clk 00:30:54]} {[%emt 00:01:03]} 28. Nxc8
{[%clk 00:50:17]} {[%emt 00:00:10]} Rxc8 {[%clk 00:30:41]} {[%emt 00:00:23]} 29.
Ba6 {[%clk 00:50:15]} {[%emt 00:00:10]} Qd8 {[%clk 00:29:59]} {[%emt 00:00:51]}
30. Qf7 {[%clk 00:49:25]} {[%emt 00:00:59]} Qf8 {[%clk 00:29:25]} {[%emt
00:00:47]} 31. Qxa7 {[%clk 00:48:23]} {[%emt 00:01:13]} Ra8 {[%clk 00:28:11]}
{[%emt 00:01:24]} 32. Qxb6 {[%clk 00:48:21]} {[%emt 00:00:13]} Qd8 {[%clk
00:27:52]} {[%emt 00:00:23]} 33. Qxd8+ {[%clk 00:48:16]} {[%emt 00:00:21]} Rxd8
{[%clk 00:27:52]} {[%emt 00:00:05]} 34. c4 {[%clk 00:48:16]} {[%emt 00:00:09]}
Nc6 {[%clk 00:27:46]} {[%emt 00:00:16]} 35. Bb5 {[%clk 00:48:11]} {[%emt
00:00:14]} Nd4 {[%clk 00:27:24]} {[%emt 00:00:32]} 36. Re8+ {[%clk 00:48:04]}
{[%emt 00:00:16]} Rxe8 {[%clk 00:27:16]} {[%emt 00:00:19]} 37. Bxe8 {[%clk
00:48:04]} {[%emt 00:00:01]} Ne2+ {[%clk 00:27:13]} {[%emt 00:00:13]} 38. Kf1
{[%clk 00:48:02]} {[%emt 00:00:12]} Nd4 {[%clk 00:27:13]} {[%emt 00:00:03]} 39.
c5 {[%emt 00:00:09]} Kg8 {[%emt 00:00:26]} 40. c6 {[%clk 00:47:29]} {[%emt
00:00:07]} Ne6 {[%clk 00:26:53]} {[%emt 00:00:31]} 41. Bd7 {[%clk 00:47:26]}
{[%emt 00:00:13]} Nc7 {[%clk 00:26:41]} {[%emt 00:00:23]} 42. a4 {[%clk
00:47:26]} {[%emt 00:00:07]} Kf8 {[%clk 00:26:26]} {[%emt 00:00:24]} 43. a5
{[%clk 00:47:26]} {[%emt 00:00:07]} Ke7 {[%clk 00:26:26]} {[%emt 00:00:04]} 44.
a6 {[%clk 00:47:26]} {[%emt 00:00:09]} Kd6 {[%clk 00:26:15]} {[%emt 00:00:20]}
45. a7 {[%clk 00:47:21]} {[%emt 00:00:14]} Kc5 {[%clk 00:26:15]} {[%emt
00:00:03]} 46. a8=Q {[%emt 00:00:24]} Nxa8 {[%clk 00:26:05]} {[%emt 00:00:09]}
47. Rxa8 {[%clk 00:47:17]} {[%emt 00:00:12]} Kb6 {[%clk 00:26:05]} {[%emt
00:00:02]} 48. Rb8+ {[%clk 00:47:10]} {[%emt 00:00:17]} Kc7 {[%clk 00:25:51]}
{[%emt 00:00:25]} 49. Rb7+ {[%clk 00:47:10]} {[%emt 00:00:04]} Kd8 {[%clk
00:25:44]} {[%emt 00:00:16]} 50. Bxf5 {[%clk 00:47:10]} {[%emt 00:00:09]} g6
{[%clk 00:25:28]} {[%emt 00:00:27]} 51. Be6 {[%clk 00:47:10]} {[%emt 00:00:07]}
h5 {[%clk 00:25:15]} {[%emt 00:00:23]} 52. Rh7 {[%clk 00:47:10]} {[%emt
00:00:05]} h4 {[%clk 00:25:07]} {[%emt 00:00:19]} 53. c7+ {[%clk 00:47:10]}
{[%emt 00:00:01]} Ke8 {[%emt 00:00:29]} 54. c8=Q# {[%clk 00:47:10]} {[%emt
00:00:02]} 1-0